000
00263nam a22001097a 4500
008
170124b xxu||||| |||| 00| 0 eng d
020
_a
9780835951814
041
_a
eng
080
_2
2ND
_a
618.2
245
_a
ESSENTIALS OF EMERGENCY CARE
_c
LIMMER, D
942
_2
udc
_c
BK
999
_c
3423
_d
3423